Quizzes
Events
Quiz Creation
Community
Videos
Private Events
Remove Ads
Sign In
Join for FREE
Feedback
Dark Mode
Quiz Categories
Sports
Geography
Music
Movies
Television
Just For Fun
Miscellaneous
History
Literature
Language
Science
Gaming
Entertainment
Religion
Holiday
For Kids
Quiz Lab
Recent
Popular Today
Quiz Kudos Today
Editor Picks
Curator Picks
Quizzes by...
Day
Popularity
Type
Ratings
Length
Year
Community
Subscriptions
Recent Discussions
Orange Saloon
Badges
Playlists
Quests
Create
Leaderboards
Showdown
Live 5
Trivia Bingo
Activity
Puzzle Library
Sporcle Events
Private Events
Virtual Trivia
Globe League
Become a Host
Pub Owners
SporcleCon
Opinionation
Our Games
Videos
Blog
Mobile Apps
Partnerships
Remove Ads and Go Orange
Feedback
Entertainment
Celebrity
Famous
Musical
Broadway
Show
Quote
Comic Books
Anime
Superhero
DC Comics
Marvel
Cartoons
Animation
Entertainment
Celebrity
Famous
Musical
Broadway
Show
Quote
Comic Books
Anime
Superhero
DC Comics
Marvel
Cartoons
Animation
Random Quiz
Search Sporcle
×
Quiz Lab
Quiz Lab
Entertainment
Marvel Cinematic Universe
Type in answers that appear in a list
Type in answers that appear in a list
Classic
Best Score? Go Orange.
Marvel: Story-Arc: Dark Reign Stats
Can you name the Marvel Universe Characters From The 'Dark Reign' Story-Arc?
By
Sepa
15m
115 Questions
761 Plays
761 Plays
761 Plays
Comments
Comments
Give Quiz Kudos
Give Quiz Kudos
-
- Ratings
hide this ad
More Info
Replay
Link that replays current quiz
Next Quiz
Link to next quiz in quiz playlist
You Got
0%
They Got
Avg Score
76%
Avg Friend Score
Upgrade to see
Score Distribution
Jump to the score distribution portion of the page
Score
0/115
Timer
15:00
0
Plays Today
Teams
Dark Reign Characters
% Correct
Dark Avengers
Norman Osborn (Iron Patriot)
95.4%
Dark X-
Men
Norman Osborn
95.4%
The Cabal (Dark Illuminati)
Norman Osborn
95.4%
Mighty Avengers
Hulk
95.1%
New Avengers
Hawkeye (Clint Barton)
94.9%
Mighty Avengers
U.S. Agent
94.7%
New Avengers
Spider-Man
94.1%
Dark X-
Men
Dark Beast (Earth-295. AoA)
94.1%
New Avengers
Captain America ('Bucky' Barnes)
94%
New Avengers
Wolverine
94%
X-
Men & Xavier Students..
Wolverine
94%
Dark X-
Men
Mystique (posed as Professor X)
93.8%
Dark X-
Men
Emma Frost (Black Queen)
93.6%
X-
Men & Xavier Students
Emma Frost (White Queen)
93.6%
The Cabal (Dark Illuminati)
Emma Frost (Black Queen)
93.6%
Mighty Avengers
Loki (posed as Scarlet Witch)
93.3%
Dark X-
Men
Namor the Sub-Mariner
93.3%
X-
Men & Xavier Students.
Namor the Sub-Mariner
93.3%
The Cabal (Dark Illuminati)
Namor the Sub-Mariner
93.3%
Young Avengers
Hawkeye (Kate Bishop)
92.4%
New Avengers
Luke Cage (Power Man)
92.2%
Mighty Avengers
Iron Man
91.7%
Mighty Avengers
Dr. Henry Pym (Wasp)
91.5%
Dark Avengers
Daken (Dark Wolverine)
91.5%
Dark X-
Men
Daken (Dark Wolverine)
91.5%
X-
Men & Xavier Students
Cyclops
91.5%
X-
Men & Xavier Students
Beast
91.3%
Dark Avengers
Ares
90.5%
New Avengers
Ms. Marvel (Carol Danvers)
90.1%
Young Avengers
Wiccan
89.5%
Dark Avengers
Sentry
88.8%
Dark Avengers
Venom (Mac Gargan)
88.8%
Dark Avengers
The Void (Dark Sentry)
88.8%
Mighty Avengers
Vision (Jonas)
88.6%
New Avengers
Iron Fist
88.6%
Young Avengers
Vision (Jonas)
88.6%
Young Avengers
Hulkling
88.4%
Dark Avengers
Noh-Varr (Captain Marvel)
87.8%
X-
Men & Xavier Students
Angel (Archangel)
87.8%
Teams
Dark Reign Characters
% Correct
Dark Avengers
Venom Symbiote
87.6%
Dark Avengers
Bullseye (Hawkeye)
87.5%
New Avengers
Spider-Woman (Jessica Drew)
87.4%
X-
Men & Xavier Students
Colossus
87%
The Cabal (Dark Illuminati)
Loki Laufeyson
86.7%
Dark Avengers
Moonstone (Ms. Marvel)
86.6%
Secret Warriors
Nick Fury
85.5%
X-
Men & Xavier Students..
Professor X
85.3%
Young Avengers
Patriot (Elijah Bradley)
85.2%
The Cabal (Dark Illuminati)
Doctor Doom
84.4%
Thunderbolts
Black Widow (Natalia Romanova)
83.7%
Dark X-
Men
Dagger
83.2%
X-
Men & Xavier Students
Dagger
83.2%
Mighty Avengers
Stature
83%
Dark X-
Men
Cloak
83%
X-
Men & Xavier Students
Cloak
83%
Young Avengers
Stature
83%
X-
Men & Xavier Students..
Rogue
82.9%
Thunderbolts
Ant-Man (Eric O'Grady)
82.9%
Mighty Avengers
Quicksilver
82.5%
Young Avengers
Speed
82.5%
Mighty Avengers
Hercules
80.4%
X-
Men & Xavier Students.
Nightcrawler
80.2%
X-
Men & Xavier Students
Gambit
78.2%
New Avengers
Jessica Jones (Power Woman)
77.9%
The Cabal (Dark Illuminati)
The Hood
77.8%
Secret Warriors
Quake (Daisy Johnson)
77.1%
Dark X-
Men
Weapon Omega
76.7%
X-
Men & Xavier Students
Cannonball
76.7%
X-
Men & Xavier Students..
X-23
76.3%
Dark X-
Men
Mimic
74.5%
X-
Men & Xavier Students..
Psylocke
74%
X-
Men & Xavier Students..
Sunspot
71.9%
X-
Men & Xavier Students.
Magik (Darkchylde)
71.1%
X-
Men & Xavier Students
Armor
71%
X-
Men & Xavier Students..
Rockslide
71%
X-
Men & Xavier Students
Anole
70.8%
New Avengers
Mockingbird
70.7%
X-
Men & Xavier Students
Dazzler
69%
Teams
Dark Reign Characters
% Correct
Mighty Avengers
Jocasta
68.9%
Mighty Avengers
Amadeus Cho
67.9%
X-
Men & Xavier Students..
Warpath
67.8%
X-
Men & Xavier Students.
Magma
67%
X-
Men & Xavier Students
Karma
65.8%
X-
Men & Xavier Students..
Pixie
65.6%
X-
Men & Xavier Students
Hellion
65.3%
X-
Men & Xavier Students
Domino
62.7%
X-
Men & Xavier Students
Danger
61.6%
Thunderbolts
Ghost
61.2%
X-
Men & Xavier Students
Elixir
60.4%
X-
Men & Xavier Students
Doctor Nemesis
60.4%
X-
Men & Xavier Students.
Mercury
59.7%
X-
Men & Xavier Students..
Surge
59.5%
Secret Warriors
Slingshot
59.5%
Secret Warriors
Phobos
59.3%
X-
Men & Xavier Students
Celeste Cuckoo
57.7%
X-
Men & Xavier Students.
Phoebe Cuckoo
57.6%
X-
Men & Xavier Students.
Mindee Cuckoo
57.3%
X-
Men & Xavier Students
Blindfold
56.4%
X-
Men & Xavier Students
Boom Boom
55.5%
X-
Men & Xavier Students
Bling!
55.1%
X-
Men & Xavier Students.
Northstar
53.4%
Secret Warriors
Stonewall (Harry Creel)
53.1%
Thunderbolts
Paladin
52%
X-
Men & Xavier Students.
Loa
51.9%
X-
Men & Xavier Students
Dr. Kavita Rao
51.9%
Secret Warriors
Hellfire
51.5%
Thunderbolts
Scourge (Nuke)
51.2%
X-
Men & Xavier Students.
Madison Jeffries (Box)
50.9%
Secret Warriors
Druid
50.6%
X-
Men & Xavier Students..
Trance
48.8%
X-
Men & Xavier Students
Gentle
48.4%
Thunderbolts
Mister X
48.2%
X-
Men & Xavier Students.
Match
47.6%
Thunderbolts
Headsman
46.6%
Secret Warriors
Eden Fesi
46%
Quiz Playlist
Details
Report
Send in Message
Add To Playlist
More Info:
FOR X-MEN, THINK X-MEN, NEW MUTANTS, X-CLUB, NEW X-MEN & XAVIER STUDENTS.
Classic:
Type in answers that appear in a list
Quiz Source
Last Updated: Dec 20, 2021
Quiz Scoreboard
CHALLENGE
Sign Up to Join the Scoreboard
Show All
Scores
Hide
Comments
May contain spoilers
Recently Published
Presidents Visiting Landmarks
by Hejman
History
7m
An Introduction to Baseball
by treessimontrees
Sports
5m
Movies - When Are They Set?
by FPL_Elf
Movies
5m
More to Explore
Quiz From the Vault
Featured Blog Post
Where Did the Easter Bunny Come From?
hide this ad
You Might Also Like...
Tags
Marvel Quiz
Marvel Cinematic Universe Quiz
Character
dark
reign
team
Universe
Today's Top Quizzes in Entertainment
Browse Entertainment
hide this ad
Today's Top Quizzes in Marvel Cinematic Universe
Browse Marvel Cinematic Universe
Top Contributed Quizzes in Entertainment
1
7-to-1: DC Comics Villains
2
Marvel Characters Bunker
3
Eurovision 2023 Logic Puzzle
4
Kamen Rider Motifs
5
Dragon Ball Z: Goku's Fights in Order
6
Criteria Quickie: Cartoon Taxonomy II
7
Fictional Villains Letter U Blitz
8
Dragon Ball Z: Mega Character Search
9
Sorting Pictures: Villains
10
Mini Trivia Sudoku: Musicals
Explore More
Trending Topics
Disney
Kpop
Marvel
Anime
Harry Potter
NBA
Crossword
Soccer
Pokémon
Puzzle
NFL
Country
The Office
Song
WWE
hide this ad
More By:
Sepa
Quiz
Plays
Rating
Category
Featured
Created
Marvel Characters (A-Z)
218,197
4.22
Entertainment
May 5, 2011
Marvel: Most Published Characters 1-100
181,442
4.44
Entertainment
May 1, 2010
NBA Double-Double Averages (2000-2010)
146,205
4.30
Sports
Dec 1, 2010
DC Comics: Most Published Characters 1-100
93,393
3.97
Entertainment
Jan 3, 2011
1970s World History
91,160
4.23
History
Feb 3, 2010
Go to Creator's Profile
Score Distribution
Quiz Creator Spotlight
Sepa
Follow
Send a Message
Quizzes Created
-
Created Quiz Play Count
-
More By This Creator
Popular Quizzes Today
1
Find the US States - No Outlines Minefield
2
Find the Countries of Europe - No Outlines Minefield
3
The Countries of the World
4
Find the US States
5
Popular People in 1961
6
US States
7
Risky Map Clicking: Biggest States A-Z
8
Movies - When Are They Set?
More Entertainment Quizzes
Cartoons II
Published
Trending Quizzes
Risky Map Clicking: Least Populous States A-Z
1-10 Letter G Words
1-10 Letter F Words
Risky Map Clicking: Next State Alphabetically
Risky Map Clicking: Biggest States A-Z
Recently Updated
Leaping Animals
pecheneg
Reality TV Shows (A-Z)
bhenderson79
Rickey Henderson's Hall of Fame Teammates
pecheneg
Champions League XIs: Arsenal
pecheneg
Quick Pick: Celebrities in WWE's Hall of Fame
aduchscher
A-Z Keypad Blitz II
pecheneg
Multiple Oscar Actors
pecheneg
Mystery Phrase Blitz: Oscar 'Best Actors'
pecheneg
F. Scott Fitzgerald Novels
LTH
Pick 3 Villains
ddd62291
Trending Topics
NBA
Harry Potter
Marvel
Anime
Crossword
Disney
Kpop
Puzzle
WWE
Soccer
The Office
Pokémon
Song
Country
NFL
Your Account Isn't Verified!
In order to create a playlist on Sporcle, you need to verify the email address you used during registration. Go to your
Sporcle Settings
to finish the process.
Report this User
Report this user for behavior that violates our
Community Guidelines
.
Details:
Send Report
Go to the Sporcle.com Mobile Site →
Comments